NHL 18 Highest Overalls per team(EA Sports) - Statistics

General Stats
  • This quiz has been taken 30 times
  • The average score is 12 of 30
Answer Stats
Points Overall Answer % Correct
108 93 Mcdavid
92%
89 93 Crosby
80%
87 92 Ovechkin
80%
Goalie 92 Price
76%
76 91 Kane
68%
98 92 Malkin
56%
86 91 Stamkos
56%
16 89 Weber
56%
79 90 Benn
52%
62 91 Karlsson
48%
100 89 Kucherov
48%
84 90 Tavares
48%
63 89 Bergeron
44%
92 89 Kopitar
44%
52 89 Toews
40%
60 91 Doughty
32%
66 90 Tarasenko
32%
67 90 Burns
28%
61 89 Getzlaf
28%
Goalie 89 Bobrovsky
24%
63 90 Hedman
24%
Goalie 90 Holtby
24%
66 88 Pavelski
24%
32 90 Keith
20%
71 89 Backstrom
16%
78 89 Seguin
16%
Goalie 88 Murray
8%
60 88 Scheifele
8%
51 89 Suter
4%
Goalie 89 Scheneider
0%
No matching quizzes found
Score Distribution
Percent of People with Each Score
Percentile by Number Answered
Your Score History
You have not taken this quiz